000
00310nam a22001457a 4500
008
221014b ||||| |||| 00| 0 eng d
020
_a
9780321777010
041
_a
eng
080
_a
004
082
_a
004 WILL
100
_a
19.1
101
_a
SHK
245
_a
MAC OS X LION
_c
WILLIAMS R
942
_2
udc
_c
BK
999
_c
58575
_d
58575